| 000 | 00437cam a2200181ua 4500 | ||
|---|---|---|---|
| 020 | _c125.00 | ||
| 041 |
_aeng _h |
||
| 082 |
_a551.498 _bHAN/WA |
||
| 100 | _aHanda, O.P . | ||
| 245 |
_aWater well technology / _cO.P.Handa. _hTextual Documents |
||
| 250 |
_a1 / _b. |
||
| 260 |
_a : _bOxford & IBH Publishing company , _c1988. |
||
| 300 | _a309 ; . | ||
| 365 | _a125.00 | ||
| 504 | _a | ||
| 942 | _cBK | ||
| 999 |
_c2023 _d2023 |
||